000 01457nam a22002777a 4500
001 BRCA_9226
003 FranzMayer
005 20220921134006.0
008 220912b |||||||| |||| 00| 0 eng d
020 _a9788412009774
040 _bspa
_cMFM
041 _aspa
050 _aNE1325. H65
_bK38 2019
245 _aKatsushika Hokusai :
_bTreinta y seis vistas del monte Fuji /
_ced. V. David Almazán Tomás
260 _aEspaña :
_bSans Soleil,
_c2019
300 _a236 p. :
_bil. map. ;
_c24.5 x 17.5 cm.
490 _aJapón
490 _aWunderkammer
500 _aUbicación: L60-N1
520 _aEl monte Fuji causó una gran fascinación entre los artistas japoneses, pero tal vez ninguno logró retratarlo de forma tan magistral como Katsushika Hokusai (1760-1849). Este volumen, editado por el profesor David Almazán Tomás, recoge la serie completa de "Treinta y seis vistas del monte Fuji", obra que se ha convertido por derecho propio en uno de los hitos de la Historia del Arte universal. En ella se recorrerá la geografía y cultura japonesas a través de grabados inmortales como "El Fuji rojo" o "La gran ola de Kanagawa". - Proporcionado por la editorial.
600 _aKatsushika, Hokusai,‏
_d1760-1849
_vCatálogo
_xArte
_zJapón
_928543
650 _aEstampas
_xArte
_xGrabado
_zJapón
_928544
651 _aFuji (Japón, Volcán)
_928545
942 _2lcc
_cB
999 _c10845
_d10845